000 01377nam a22001577a 4500
999 _c513896
_d513896
008 200916b ||||| |||| 00| 0 eng d
100 _aJordan, B.
_917733
245 _aAuthoritarianism and social policy
260 _aSocial Policy and Society
300 _a19(1), Jan 2020. p. 243-254
520 _aAuthoritarianism seems to be emerging as the default mode of global capitalism. In the absence of reliable economic growth, and with working-class incomes in long-term stagnation, both liberal and social democratic parties have lost support in many countries, and authoritarian regimes have come to power in several. But poor people in the USA, UK and Europe have long experienced coercion, being forced to accept low-paid, insecure work or face benefits sanctions. As a growing proportion of workers have come to rely on supplements such as tax credits, the working class has been divided, and opportunistic authoritarian politicians have mobilised the anxiety and resentment of those on the margins of poverty. This article argues that only an active civil society, with voluntary agencies uncompromised by involvement in coercive policies, along with universal, unconditional Basic Incomes for all citizens, can reverse these trends.- Reproduced
650 _aSocial policy
_917734
773 _aSocial Policy and Society
906 _aAUTHORITARIANISM
942 _cAR